| 000 | 00449nam a2200169Ia 4500 | ||
|---|---|---|---|
| 008 | 230718s9999 xx 000 0 und d | ||
| 041 | _aeng | ||
| 082 |
_a004.165 _bGIL |
||
| 100 | _aGilluwe F.V. | ||
| 245 | _aUndocumented A Programmers Guide To I/O CPUS And Fixed Memory | ||
| 250 | _aREVISE | ||
| 260 |
_c1993 _bWiley And Sons |
||
| 300 | _a915 | ||
| 365 |
_cRs. _b630.45 |
||
| 700 | _aGilluwe F.V. | ||
| 906 |
_dB:71830-Jan-1995 _cCOMP _b94.57 |
||
| 999 |
_c293058 _d293058 |
||